000 00719nam a2200229 i 4500
001 61263
003 ES-MaACL
005 20230906164420.0
007 t|
008 031111s1957 sp ||||1| spa d
100 1 _aEvans, Ralph M.
_948367
245 1 0 _aPrincipios de fotografía en color /
_cRalph M. Evans, W.T. Hanson, W. Lyle Brewer : [traducción de José Savé].
260 _aBarcelona :
_bOmega,
_c[1957] (
_fClarasó)
300 _a672 p. :
_bil. ;
_c22 cm.
490 1 _aFoto biblioteca
700 1 _aHanson, W. T.
_961779
700 1 _aBrewer, W. Lyle.
_931652
700 1 _aSavé, José.
_9104061
830 0 _aFoto biblioteca
_9181378
852 _aES-MaACL
_jC-12873
_bR.41187
999 _c61263
_d61263